|
|
|
|
| LEADER |
00000nab a2200000 4500 |
| 001 |
vtls011766279 |
| 003 |
SK-MaSNL |
| 005 |
20260318114329.0 |
| 008 |
180711|20180711xo |||| || ||00 0|hun |
| 015 |
|
|
|a SNBRB2018/07
|
| 038 |
|
|
|a DSZK
|
| 040 |
|
|
|a DSZK
|b slo
|c DSZK
|e rda
|
| 041 |
|
|
|a hun
|
| 043 |
|
|
|a e-xo---
|
| 044 |
|
|
|a xo
|c SK
|
| 072 |
|
7 |
|a 316.3
|x Globálne spoločnosti. Sociálna štruktúra. Sociálne skupiny
|2 konspekt
|
| 072 |
|
7 |
|a 796
|x Šport. Hry. Telesné cvičenia
|2 konspekt
|
| 080 |
|
|
|a 316.344.6-056.26/.3
|x (437.6)
|2 2011
|
| 080 |
|
|
|a 796.093
|x (437.6)
|2 2011
|
| 100 |
1 |
|
|a Somogyi, Katalin
|4 aut
|9 1086311
|
| 245 |
1 |
0 |
|a Egészségkárosultak nemzetközi találkozója Nagypakán
|c Somogyi Katalin
|
| 300 |
|
|
|b Fotografie
|
| 336 |
|
|
|a text
|b txt
|2 rdacontent
|
| 337 |
|
|
|a bez média
|b n
|2 rdamedia
|
| 338 |
|
|
|a zväzok
|b nc
|2 rdacarrier
|
| 611 |
2 |
7 |
|a Grace Cup o pohár starostu obce
|n (6. :
|d 2018 :
|c Veľká Paka, Slovensko)
|2 dszk
|9 1623278
|
| 648 |
|
7 |
|a 2018
|2 SNKPH
|9 351415
|
| 650 |
0 |
7 |
|a zdravotne postihnuté osoby
|2 SNKPH
|9 1249
|
| 650 |
0 |
7 |
|a telesne postihnutí
|2 SNKPH
|9 30009
|
| 650 |
0 |
7 |
|a športové súťaže
|2 SNKPH
|9 1047
|
| 651 |
|
7 |
|a Veľká Paka (Slovensko)
|2 SNKPHgeo
|9 86218
|
| 773 |
0 |
|
|t Új szó
|g Évf. 71, sz. 158 (2018.7.11), o. 8
|x 1335-7050
|
| 958 |
|
|
|a SK
|
| 958 |
|
|
|a HU
|
| 958 |
|
|
|a RG
|
| 999 |
|
|
|c 3345939
|d 3347869
|